[Event "Berlin-ch U16 final"]
[Site "Berlin"]
[Date "2008.01.12"]
[Round "7.7"]
[White "Andreew, Anton Louis Ferdina"]
[Black "Lutz, Oliver"]
[Result "0-1"]
[WhiteElo "971"]
[BlackElo "1328"]
[PlyCount "48"]
[EventDate "2008.01.06"]
[EventType "swiss"]
[EventRounds "7"]
[EventCountry "GER"]
[SourceTitle "EXT 2022"]
[Source "ChessBase"]
[SourceDate "2021.10.06"]
[SourceVersion "1"]
[SourceVersionDate "2021.10.06"]
[SourceQuality "1"]

1. b3 d5 2. Bb2 Nf6 3. e3 Bf5 4. Ne2 Nbd7 5. Nd4 Bg6 6. Be2 e5 7. Nf3 Bd6 8. 0-0 c6 9. d4 Qc7 10. Nbd2 e4 11. Ne1 Bxh2+ 12. Kh1 h5 13. g3 h4 14. Kxh2 hxg3+ 15. Kg2 Rh2+ 16. Kg1 0-0-0 17. Ndf3 exf3 18. Bxf3 Be4 19. c4 Bxf3 20. Qxf3 Ne4 21. Rd1 gxf2+ 22. Rxf2 Rxf2 23. Qh3 Rxb2 24. cxd5 Nf2 0-1

[Event "Berlin-ch U16 final"]
[Site "Berlin"]
[Date "2008.01.07"]
[Round "2.6"]
[White "Andreew, Anton Louis Ferdina"]
[Black "Duerre, Gregor"]
[Result "1-0"]
[WhiteElo "971"]
[BlackElo "1515"]
[PlyCount "77"]
[EventDate "2008.01.06"]
[EventType "swiss"]
[EventRounds "7"]
[EventCountry "GER"]
[SourceTitle "EXT 2022"]
[Source "ChessBase"]
[SourceDate "2021.10.06"]
[SourceVersion "1"]
[SourceVersionDate "2021.10.06"]
[SourceQuality "1"]

1. b3 d5 2. Bb2 Nc6 3. d3 e5 4. Nf3 Bd6 5. Nc3 Nge7 6. e4 d4 7. Ne2 0-0 8. g3 Bg4 9. Bg2 f5 10. exf5 Rxf5 11. Nd2 Qd7 12. f3 Bxf3 13. Bxf3 Rf6 14. 0-0 Raf8 15. c3 Bc5 16. c4 Bb4 17. Bg2 Nf5 18. Ne4 Rh6 19. Bc1 Ne3 20. Rxf8+ Bxf8 21. Bxe3 dxe3 22. Qc2 Nb4 23. Qc3 Qg4 24. Bf1 Qf3 25. Qxe5 Bd6 26. Qe8+ Bf8 27. Qd8 Nc6 28. Qd5+ Kh8 29. h4 Bd6 30. Nxd6 Qf2+ 31. Kh1 Rxd6 32. Qe4 Rf6 33. Nf4 Kg8 34. Qg2 Rxf4 35. gxf4 Qxh4+ 36. Qh2 Qg4 37. Re1 Qf3+ 38. Bg2 Qf2 39. Bd5+ 1-0